00725 a2200205 4500010001400000020002300014035001300037037001500050082001000065090001700075100001700092245009500109260003700204270002600241300002700267500005000294942002500344999001500369952013500384 aENG-89070 a812460116Xc350.0014aEN-726031 bDBAD / PUB14a181.4 c10153d10153 aPadhi, Bibhu1 aIndian philosophy and religion :cby Bibhu Padhi [and] Minakshi Padhiba reader's guide / aNew DelhibD.K. Printworldc2005 mdkprintworld@vsnl.net ax, 413p.c22 cm ( pbk) aIncludes bibliographical references and index adplcENk181.4 / PAD c9923d9923 00102ddc40718NFICaDBADbDBADeDBAD/PUBg350.00l0o181.4 PADpEN-72603r2008-09-15 00:00:00t1u10935v350.00w2008-09-15yEN